Countries With A Shake Shack - Statistics

General Stats
  • This quiz has been taken 45 times
  • The average score is 10 of 15
Answer Stats
Hint Answer % Correct
313 Locations USA
100%
10 Locations UK
95%
9 Locations Mexico
85%
22 Locations China/Hong Kong
80%
12 Locations Japan
78%
14 Locations South Korea
73%
14 Locations UAE
70%
3 Locations Qatar
65%
6 Locations Saudi Arabia
60%
7 Locations Singapore
58%
15 Locations Kuwait
55%
3 Locations Bahrain
50%
15 Coming Soon Thailand
45%
6 Locations Turkey
45%
3 Locations Philippines
38%
No matching quizzes found
Score Distribution
Percent of People with Each Score
Percentile by Number Answered
Your Score History
You have not taken this quiz